000
00279nam a2200109Ia 4500
008
190216s9999||||xx |||||||||||||| ||und||
100
_a
Jithendranath Samyal
245
0
_a
Hindi-Amar Sahith Sardar Bagath Singh
260
_b
Kranthikanth Prakashan
650
_a
Hindi
942
_c
BK
999
_c
15285
_d
15285